Огнезащитные составы на основе жидкого стекла; Химия и химическая технология в XXI веке; Т. 1

Chi tiết về thư mục
Parent link:Химия и химическая технология в XXI веке: материалы XIV Всероссийской научно-практической конференции имени профессора Л.П. Кулёва студентов и молодых ученых с международным участием, Томск, 13-16 мая 2013 г/ Национальный исследовательский Томский политехнический университет (ТПУ); Институт природных ресурсов (ИПР) ; Институт физики высоких технологий (ИФВТ) ; Физико-технический институт (ФТИ).— , 2013
Т. 1.— 2013.— [С. 69-71]
Tác giả chính: Мельник Е. В.
Tác giả của công ty: Национальный исследовательский Томский политехнический университет (ТПУ) Институт физики высоких технологий (ИФВТ) Кафедра технологии силикатов и наноматериалов (ТСН)
Tác giả khác: Лотов В. А. Василий Агафонович (научный руководитель)
Tóm tắt:Заглавие с титульного экрана
Ngôn ngữ:Tiếng Nga
Được phát hành: 2013
Loạt:Химия и химическая технология неорганических веществ и материалов
Những chủ đề:
Truy cập trực tuyến:http://www.lib.tpu.ru/fulltext/c/2013/C27/V1/033.pdf
Định dạng: MixedMaterials Điện tử Chương của sách
KOHA link:https://koha.lib.tpu.ru/cgi-bin/koha/opac-detail.pl?biblionumber=241700

MARC

LEADER 00000naa2a2200000 4500
001 241700
005 20251217131327.0
035 |a (RuTPU)RU\TPU\book\262987 
035 |a RU\TPU\book\262986 
090 |a 241700 
100 |a 20130819d2013 k y0rusy50 ca 
101 0 |a rus 
102 |a RU 
135 |a drcn ---uucaa 
181 0 |a i  
182 0 |a b 
200 1 |a Огнезащитные составы на основе жидкого стекла  |f Е. В. Мельник  |g науч. рук. В. А. Лотов 
203 |a Текст  |c электронный 
225 1 |a Химия и химическая технология неорганических веществ и материалов 
300 |a Заглавие с титульного экрана 
337 |a Adobe Reader 
461 1 |0 (RuTPU)RU\TPU\book\259433  |t Химия и химическая технология в XXI веке  |o материалы XIV Всероссийской научно-практической конференции имени профессора Л.П. Кулёва студентов и молодых ученых с международным участием, Томск, 13-16 мая 2013 г  |o в 2 т.  |f Национальный исследовательский Томский политехнический университет (ТПУ); Институт природных ресурсов (ИПР) ; Институт физики высоких технологий (ИФВТ) ; Физико-технический институт (ФТИ)  |d 2013 
463 1 |0 (RuTPU)RU\TPU\book\259435  |t Т. 1  |v [С. 69-71]  |d 2013 
610 1 |a труды учёных ТПУ 
610 1 |a электронный ресурс 
610 1 |a жидкое стекло 
610 1 |a огнезащитные составы 
610 1 |a пожарная безопасность 
700 1 |a Мельник  |b Е. В. 
702 1 |a Лотов  |b В. А.  |c химик-технолог  |c профессор Томского политехнического университета, доктор технических наук  |f 1942-  |g Василий Агафонович  |4 727 
712 0 2 |a Национальный исследовательский Томский политехнический университет (ТПУ)  |b Институт физики высоких технологий (ИФВТ)  |b Кафедра технологии силикатов и наноматериалов (ТСН)  |3 (RuTPU)RU\TPU\col\18694 
801 2 |a RU  |b 63413507  |c 20160425  |g RCR 
856 4 |u http://www.lib.tpu.ru/fulltext/c/2013/C27/V1/033.pdf 
942 |c CF